[Event "Chess Festival Groningen 2018 BC"]
[Site "Groningen, Netherlands"]
[Date "2018.12.22"]
[Round "1"]
[White "De Vries, Emma"]
[Black "Broersma, Sven"]
[Result "1-0"]
[WhiteElo "1919"]
[BlackElo "1612"]
[PlyCount "55"]
[EventDate "2018.12.??"]

1. e4 c5 2. Nf3 d6 3. Bb5+ Bd7 4. Bxd7+ Qxd7 5. O-O Nc6 6. c3 Nf6 7. d4 cxd4 8.
cxd4 d5 9. e5 Ne4 10. Ng5 Nxg5 11. Bxg5 Qf5 12. Be3 e6 13. Nc3 Be7 14. Kh1 h5
15. f4 a6 16. a3 b5 17. Qf3 Na5 18. a4 b4 19. Nxd5 Rc8 20. Nxe7 Kxe7 21. Rfc1
Rhd8 22. Bd2 Rb8 23. Rc5 Rxd4 24. Be3 Rd5 25. Rxd5 exd5 26. Qxd5 Rd8 27. Qxa5
Qd3 28. Qxb4+ 1-0

[Event "Chess Festival Groningen 2018 BC"]
[Site "Groningen, Netherlands"]
[Date "2018.12.22"]
[Round "1"]
[White "Huizinga, Egbert"]
[Black "Rogojina, Alexandru-Andrei"]
[Result "1-0"]
[WhiteElo "1760"]
[BlackElo "1300"]
[PlyCount "47"]
[EventDate "2018.12.??"]

1. e4 c5 2. Nf3 e6 3. Nc3 a6 4. d4 cxd4 5. Nxd4 g6 6. Be3 Nc6 7. Qd2 Nge7 8.
Be2 d5 9. exd5 exd5 10. O-O Bg7 11. Rad1 O-O 12. Rfe1 Ne5 13. Bh6 Bxh6 14. Qxh6
N7c6 15. Qf4 Be6 16. Bf1 g5 17. Qg3 Nxd4 18. Rxe5 Nf5 19. Qg4 Rc8 20. Rxf5 Bxf5
21. Qxf5 f6 22. Rxd5 Qb6 23. Rd7 Rc7 24. Qxh7# 1-0

[Event "Chess Festival Groningen 2018 BC"]
[Site "Groningen, Netherlands"]
[Date "2018.12.22"]
[Round "1"]
[White "Martinez, Sara"]
[Black "Den Boer, Paul"]
[Result "1/2-1/2"]
[WhiteElo "1583"]
[BlackElo "1907"]
[PlyCount "91"]
[EventDate "2018.12.??"]

1. e4 e5 2. Nf3 Nc6 3. d4 exd4 4. Nxd4 Nf6 5. Nc3 Bb4 6. Nxc6 bxc6 7. Bd3 O-O
8. O-O d5 9. exd5 cxd5 10. Na4 c6 11. a3 Bd6 12. h3 Bc7 13. Bg5 Qd6 14. f4 Re8
15. b4 a5 16. c4 axb4 17. c5 Qe7 18. axb4 h6 19. Bh4 Qe3+ 20. Kh1 Bxh3 21. Rf3
Bg4 22. Rxe3 Bxd1 23. Rxe8+ Nxe8 24. Rxd1 Rxa4 25. Re1 Nf6 26. b5 cxb5 27. Bxb5
Rb4 28. Bd3 Bxf4 29. g3 Bd2 30. c6 Rb6 31. c7 Rc6 32. Rb1 g5 33. Rb8+ Kg7 34.
c8=Q Rxc8 35. Rxc8 gxh4 36. gxh4 Be1 37. h5 Nxh5 38. Re8 Bh4 39. Re5 Nf4 40.
Bc2 d4 41. Re4 d3 42. Bxd3 Nxd3 43. Rxh4 f5 44. Rd4 Nf2+ 45. Kg2 Ne4 46. Kf3
1/2-1/2

[Event "Chess Festival Groningen 2018 BC"]
[Site "Groningen, Netherlands"]
[Date "2018.12.22"]
[Round "1"]
[White "Paans, Johnny"]
[Black "Hoogeboom, Boudewijn"]
[Result "1-0"]
[WhiteElo "1968"]
[BlackElo "1665"]
[PlyCount "93"]
[EventDate "2018.12.??"]

1. e4 g6 2. d4 Bg7 3. Nc3 c6 4. Be3 d6 5. Qd2 Nf6 6. h3 Nbd7 7. O-O-O Qc7 8.
Nf3 e5 9. Bh6 O-O 10. g4 b5 11. Bxg7 Kxg7 12. Qe3 Nb6 13. Nh4 Be6 14. Nf5+ Bxf5
15. exf5 Nbd5 16. Nxd5 Nxd5 17. Qf3 Nf4 18. Bg2 Rac8 19. Rhe1 f6 20. h4 c5 21.
dxe5 dxe5 22. fxg6 hxg6 23. h5 Qf7 24. hxg6 Nxg6 25. b3 Nf4 26. Rd6 Rfd8 27.
Red1 Qe7 28. Qb7 Qxb7 29. Bxb7 Rxd6 30. Rxd6 Rc7 31. Ba6 Ne2+ 32. Kd2 Nd4 33.
c3 Nf3+ 34. Ke3 Ng5 35. Bxb5 Nf7 36. Rd5 Kg6 37. Be8 Kg7 38. Bxf7 Kxf7 39. Ke4
c4 40. b4 Ke6 41. Rc5 Rg7 42. f3 Rf7 43. Rxc4 Kd6 44. Rc5 a6 45. Kf5 Rf8 46.
Ra5 Ra8 47. b5 1-0

[Event "Chess Festival Groningen 2018 BC"]
[Site "Groningen, Netherlands"]
[Date "2018.12.22"]
[Round "1"]
[White "Slagter, Ruben"]
[Black "Pompstra, Henk"]
[Result "1-0"]
[WhiteElo "2086"]
[BlackElo "1758"]
[PlyCount "78"]
[EventDate "2018.12.??"]

1. e4 e5 2. Nf3 Nc6 3. d4 exd4 4. Nxd4 Nf6 5. Nc3 Bb4 6. Nxc6 bxc6 7. Bd3 d5 8.
exd5 cxd5 9. O-O O-O 10. Bg5 c6 11. Qf3 Qd6 12. h3 Ba5 13. Bf4 Qc5 14. Na4 Qb4
15. b3 Qe7 16. c3 Re8 17. b4 Bc7 18. Rfe1 Qxe1+ 19. Rxe1 Rxe1+ 20. Kh2 Bxf4+
21. Qxf4 Bd7 22. Nc5 Re7 23. Qd6 Rae8 24. g4 h6 25. a4 Bxg4 26. hxg4 Nxg4+ 27.
Kg3 h5 28. Bf5 Re1 29. Bxg4 Rg1+ 30. Kf3 Rxg4 31. Qxc6 Re5 32. Nd3 Re6 33. Qxd5
Rf6+ 34. Ke2 h4 35. Ne5 Rg1 36. Qc4 Re6 37. Qxh4 Rxe5+ 38. Kd3 Reg5 39. Kc2
R5g4 1-0

[Event "Chess Festival Groningen 2018 BC"]
[Site "Groningen, Netherlands"]
[Date "2018.12.22"]
[Round "1"]
[White "Sprik, Sander"]
[Black "Van den Heuvel, Annelies"]
[Result "1-0"]
[WhiteElo "1911"]
[BlackElo "1597"]
[PlyCount "79"]
[EventDate "2018.12.??"]

1. e4 c5 2. Nf3 Nc6 3. d4 cxd4 4. Nxd4 Nf6 5. Nc3 e5 6. Ndb5 d6 7. Bg5 a6 8.
Na3 b5 9. Nd5 Be7 10. Bxf6 Bxf6 11. c3 Ne7 12. Nxf6+ gxf6 13. Bd3 Bb7 14. O-O
d5 15. Qe2 Qd7 16. Rad1 O-O-O 17. exd5 Rdg8 18. c4 Qh3 19. g3 h5 20. Be4 h4 21.
Bg2 Qf5 22. cxb5 hxg3 23. fxg3 Qh7 24. Bf3 Nf5 25. Qc2+ Kb8 26. Be4 Bc8 27. d6
Qxh2+ 28. Qxh2 Rxh2 29. Kxh2 Rh8+ 30. Kg2 Ne3+ 31. Kf3 Nxf1 32. Rxf1 f5 33. Bc6
Be6 34. b3 Rg8 35. Re1 e4+ 36. Kf2 Rh8 37. d7 Kc7 38. Rd1 Rd8 39. Nc2 axb5 40.
Bxb5 1-0

[Event "Chess Festival Groningen 2018 BC"]
[Site "Groningen, Netherlands"]
[Date "2018.12.22"]
[Round "1"]
[White "Van Heuveln, Henk"]
[Black "Santema, Tjeerd"]
[Result "0-1"]
[WhiteElo "1379"]
[BlackElo "1776"]
[PlyCount "62"]
[EventDate "2018.12.??"]

1. d4 Nf6 2. Nc3 d5 3. e4 e6 4. a3 dxe4 5. f3 exf3 6. Qxf3 Be7 7. Bd3 Bd7 8.
Nge2 Bc6 9. Qh3 Nbd7 10. Be3 Nb6 11. O-O Nbd5 12. Bb5 Bxb5 13. Nxb5 Qd7 14. c4
Nxe3 15. Qxe3 c6 16. Nbc3 Qc7 17. Nf4 g5 18. Nxe6 Qxh2+ 19. Kxh2 Ng4+ 20. Kh3
Nxe3 21. Nc7+ Kd7 22. Rxf7 Raf8 23. Rg7 Nf5 24. Rxe7+ Nxe7 25. Ne6 Kxe6 26. d5+
cxd5 27. Re1+ Kf7 28. cxd5 Rd8 29. Rf1+ Kg6 30. g4 Nxd5 31. Ne4 Nf4+ 0-1

[Event "Chess Festival Groningen 2018 BC"]
[Site "Groningen, Netherlands"]
[Date "2018.12.22"]
[Round "1"]
[White "Waardenburg, Marlinde"]
[Black "Tromp, Pieter"]
[Result "0-1"]
[WhiteElo "1751"]
[BlackElo "2080"]
[PlyCount "84"]
[EventDate "2018.12.??"]

1. e4 d5 2. exd5 Nf6 3. d4 Bg4 4. Nf3 Qxd5 5. Nbd2 e6 6. c3 c5 7. Qa4+ Nbd7 8.
Bc4 Qh5 9. O-O cxd4 10. Nxd4 Bd6 11. f4 O-O 12. N2f3 e5 13. fxe5 Nxe5 14. Nxe5
Bxe5 15. Bf4 Bd7 16. Qc2 Ng4 17. h3 Bxf4 18. Rxf4 Ne3 19. Qe2 Qe5 20. Raf1 Nxc4
21. Qxc4 b5 22. Qb3 Qe7 23. Kh1 a6 24. Nf5 Qe6 25. Qa3 f6 26. Rg4 g6 27. Nd4
Qd5 28. Rh4 g5 29. Rh5 Rf7 30. h4 Bh3 31. Rf2 Re8 32. hxg5 Re1+ 33. Kh2 Qe5+
34. g3 Bg4 35. Rh4 Qe4 36. Nf3 Qe3 37. Kg2 Bxf3+ 38. Rxf3 Re2+ 39. Kh3 Qxf3 40.
Qd6 Qf5+ 41. Rg4 Qf1+ 42. Kh4 Rh2# 0-1

[Event "Chess Festival Groningen 2018 BC"]
[Site "Groningen, Netherlands"]
[Date "2018.12.23"]
[Round "2"]
[White "Beukema, Constantijn"]
[Black "Oord, Jan"]
[Result "1-0"]
[WhiteElo "1680"]
[BlackElo "1488"]
[PlyCount "41"]
[EventDate "2018.12.??"]

1. e4 c5 2. d4 cxd4 3. c3 e5 4. Nf3 Nc6 5. cxd4 Bb4+ 6. Nc3 exd4 7. Nxd4 Bxc3+
8. bxc3 Nge7 9. Bc4 Ne5 10. Bb3 a6 11. f4 N5c6 12. O-O d6 13. f5 Ng8 14. Qh5
Ne5 15. Ne6 Bxe6 16. fxe6 Nf6 17. exf7+ Ke7 18. Bg5 Qf8 19. Bxf6+ gxf6 20. Qf5
Nd7 21. Rad1 1-0

[Event "Chess Festival Groningen 2018 BC"]
[Site "Groningen, Netherlands"]
[Date "2018.12.23"]
[Round "2"]
[White "Blom, Yeb"]
[Black "Van den Heuvel, Annelies"]
[Result "1-0"]
[WhiteElo "1989"]
[BlackElo "1597"]
[PlyCount "41"]
[EventDate "2018.12.??"]

1. c4 e5 2. a3 Nf6 3. Nc3 d5 4. cxd5 Nxd5 5. d3 Be6 6. Nf3 Nxc3 7. bxc3 Nc6 8.
Ng5 Qd7 9. Nxe6 Qxe6 10. e3 Bc5 11. Be2 O-O 12. O-O f5 13. d4 exd4 14. cxd4 Bd6
15. g3 Rae8 16. Bb2 Qh6 17. Bc3 f4 18. exf4 Rxf4 19. Bd2 Nxd4 20. Bc4+ Kh8 21.
Bxf4 1-0

[Event "Chess Festival Groningen 2018 BC"]
[Site "Groningen, Netherlands"]
[Date "2018.12.23"]
[Round "2"]
[White "Broersma, Sven"]
[Black "Molanus, Eva"]
[Result "1-0"]
[WhiteElo "1612"]
[BlackElo "1282"]
[PlyCount "55"]
[EventDate "2018.12.??"]

1. d4 d5 2. c4 c6 3. Nf3 Nf6 4. Nc3 Bf5 5. Qb3 Qb6 6. cxd5 cxd5 7. Nxd5 Qa5+ 8.
Nc3 e6 9. Qxb7 Be4 10. Qc8+ Qd8 11. Qxd8+ Kxd8 12. Bg5 Be7 13. Bxf6 Bxf6 14.
Nxe4 Nc6 15. Nxf6 gxf6 16. e3 e5 17. dxe5 fxe5 18. Bb5 Nb4 19. O-O Rb8 20.
Rfd1+ Ke7 21. a4 Rbc8 22. Rac1 Rxc1 23. Rxc1 Rd8 24. Nxe5 Ke6 25. Nc6 Nxc6 26.
Bxc6 Rd6 27. Bf3 f6 28. Bc6 1-0

[Event "Chess Festival Groningen 2018 BC"]
[Site "Groningen, Netherlands"]
[Date "2018.12.23"]
[Round "2"]
[White "De Jong, Mathijs"]
[Black "Koedijk, Klaas Jan"]
[Result "1-0"]
[WhiteElo "1967"]
[BlackElo "1776"]
[PlyCount "47"]
[EventDate "2018.12.??"]

1. Nf3 Nf6 2. g3 g6 3. Bg2 c5 4. c4 Bg7 5. Nc3 Nc6 6. e4 e5 7. d3 d6 8. h3 O-O
9. O-O a6 10. Be3 Rb8 11. a4 Bd7 12. Nh4 Nb4 13. Qd2 b5 14. axb5 axb5 15. f4
Nh5 16. Bf2 exf4 17. gxf4 Bh6 18. Ne2 bxc4 19. dxc4 Be6 20. b3 Nc6 21. Ra3 Qd7
22. e5 Nxe5 23. Be3 Bxh3 24. fxe5 1-0

[Event "Chess Festival Groningen 2018 BC"]
[Site "Groningen, Netherlands"]
[Date "2018.12.23"]
[Round "2"]
[White "Den Boer, Paul"]
[Black "Smit, Tom"]
[Result "1-0"]
[WhiteElo "1907"]
[BlackElo "1514"]
[PlyCount "91"]
[EventDate "2018.12.??"]

1. e4 e5 2. Nf3 Nc6 3. Bc4 Nf6 4. d4 exd4 5. O-O Nxe4 6. Re1 d5 7. Bxd5 Qxd5 8.
Nc3 Qd8 9. Nxe4 Be7 10. Bg5 O-O 11. Bxe7 Nxe7 12. Nxd4 Bd7 13. Qh5 Ng6 14. Ng5
h6 15. Nxf7 Rxf7 16. Qxg6 Qf8 17. Ne6 Bxe6 18. Qxe6 Kh8 19. Qe3 Rd8 20. Rad1
Rxd1 21. Rxd1 Re7 22. Qd2 Qe8 23. Kf1 Qb5+ 24. Qd3 Qxd3+ 25. Rxd3 Kg8 26. b4 c5
27. bxc5 Rc7 28. Rd5 Kf7 29. c4 b6 30. cxb6 axb6 31. Rd4 Ke6 32. Ke2 Ra7 33.
Rd2 Rc7 34. Kd3 Rd7+ 35. Kc3 Rc7 36. Kb4 Rc5 37. Rd5 Rxd5 38. cxd5+ Kxd5 39.
Kb5 g5 40. Kxb6 Kc4 41. a4 Kd3 42. a5 Ke2 43. a6 Kxf2 44. a7 Kxg2 45. a8=Q+
Kxh2 46. Qf3 1-0

[Event "Chess Festival Groningen 2018 BC"]
[Site "Groningen, Netherlands"]
[Date "2018.12.23"]
[Round "2"]
[White "Grooten, Tommy"]
[Black "Haan, Gertjan"]
[Result "0-1"]
[WhiteElo "1552"]
[BlackElo "1881"]
[PlyCount "98"]
[EventDate "2018.12.??"]

1. e4 c5 2. Nf3 e6 3. d4 cxd4 4. Nxd4 Nc6 5. Nc3 Qc7 6. f4 a6 7. Be3 Bb4 8. Qf3
Bxc3+ 9. bxc3 Ne5 10. Qd1 Qxc3+ 11. Kf2 Nc4 12. Bxc4 Qxc4 13. Qg4 g6 14. h4 Nf6
15. Qf3 d5 16. exd5 exd5 17. g4 Bxg4 18. Qg2 Ne4+ 19. Kg1 Qc3 20. Qxg4 Qxe3+
21. Kh2 Qxd4 22. Rab1 Qf2+ 23. Kh3 Qxc2 24. Rhe1 O-O 25. Qg2 Qxg2+ 26. Kxg2 b5
27. Rbd1 Rfd8 28. Kf3 Rac8 29. a3 Rc3+ 30. Kg2 Rg3+ 31. Kh2 Rxa3 32. Rxe4 dxe4
33. Rxd8+ Kg7 34. Re8 e3 35. Kg2 b4 36. Kf3 a5 37. Ke2 a4 38. Kf3 Rb3 39. Ra8
a3 40. Ke2 Rc3 41. Ra4 Rc2+ 42. Kxe3 a2 43. Kd3 b3 44. Ra3 Rc1 45. Rxb3 a1=Q
46. Kd2 Rc4 47. Kd3 Qd4+ 48. Ke2 Rc2+ 49. Ke1 Qg1# 0-1

[Event "Chess Festival Groningen 2018 BC"]
[Site "Groningen, Netherlands"]
[Date "2018.12.23"]
[Round "2"]
[White "Hassing, Bert"]
[Black "Waardenburg, Marlinde"]
[Result "0-1"]
[WhiteElo "1510"]
[BlackElo "1751"]
[PlyCount "98"]
[EventDate "2018.12.??"]

1. c4 Nf6 2. g3 g6 3. Bg2 d5 4. cxd5 Nxd5 5. Nc3 Nxc3 6. bxc3 Bg7 7. Bb2 O-O 8.
Nf3 Nd7 9. O-O c5 10. d4 Qc7 11. dxc5 Nxc5 12. Rc1 Rd8 13. Nd2 Be6 14. Ra1 Rac8
15. Qc2 Qa5 16. Nb3 Qa4 17. Rfc1 Bf5 18. e4 Bxe4 19. Bxe4 Nxe4 20. Rd1 Rxd1+
21. Rxd1 h5 22. h4 Nxc3 23. Rd3 Qxa2 24. Nd4 Bxd4 25. Rxd4 b5 26. Qd2 Qb3 27.
Bxc3 Rxc3 28. Rd8+ Kh7 29. Qd4 f6 30. Rd7 Rc1+ 31. Kg2 Qe6 32. Qd2 Re1 33. Rd3
Qe4+ 34. Rf3 b4 35. Qa2 Kg7 36. Qb3 a5 37. Qd3 Qc6 38. Qd2 Rg1+ 39. Kxg1 Qxf3
40. Qd8 Qb7 41. Qxa5 b3 42. Qe1 b2 43. Qb1 Qb4 44. Kg2 Qa3 45. Qe4 Qc5 46. f4
Kh6 47. f5 gxf5 48. Qd3 Qe5 49. Qd2+ Kg7 0-1

[Event "Chess Festival Groningen 2018 BC"]
[Site "Groningen, Netherlands"]
[Date "2018.12.23"]
[Round "2"]
[White "Hoogeboom, Boudewijn"]
[Black "Smit, Wim"]
[Result "0-1"]
[WhiteElo "1665"]
[BlackElo "1440"]
[PlyCount "110"]
[EventDate "2018.12.??"]

1. d4 Nf6 2. c4 e6 3. Nc3 Bb4 4. Qc2 Nc6 5. e3 O-O 6. Bd3 d6 7. Nf3 Qe7 8. O-O
Bxc3 9. Qxc3 e5 10. dxe5 dxe5 11. e4 Nh5 12. Be3 a5 13. a3 Bg4 14. Nd2 Be6 15.
Rfe1 Nf4 16. Bf1 Qg5 17. Kh1 Qg6 18. Rad1 Rad8 19. Bxf4 exf4 20. f3 Qg5 21. Nb3
b6 22. Nd4 Nxd4 23. Rxd4 Rxd4 24. Qxd4 Rd8 25. Qc3 c5 26. Qc2 Rd4 27. Rd1 Qd8
28. Rd3 g6 29. Rxd4 Qxd4 30. h3 f5 31. exf5 Bxf5 32. Qe2 Qe3 33. Qxe3 fxe3 34.
g4 Bc2 35. Be2 Kf7 36. Kg2 g5 37. Kg3 Ke6 38. f4 h6 39. Kf3 gxf4 40. Kxf4 h5
41. Kxe3 hxg4 42. hxg4 Ke5 43. Kd2 Bg6 44. Kc3 Kf4 45. Bd1 Be8 46. b4 Bd7 47.
b5 Be6 48. Kd2 Bxg4 49. Bxg4 Kxg4 50. Ke3 Kf5 51. Kf3 Ke5 52. Ke3 Kf5 53. Kf3
a4 54. Ke3 Ke5 55. Kd3 Kf4 0-1

[Event "Chess Festival Groningen 2018 BC"]
[Site "Groningen, Netherlands"]
[Date "2018.12.23"]
[Round "2"]
[White "Kosse, Lukas"]
[Black "Muller, Kenneth"]
[Result "0-1"]
[WhiteElo "1544"]
[BlackElo "1805"]
[PlyCount "70"]
[EventDate "2018.12.??"]

1. e4 d5 2. exd5 Qxd5 3. Nc3 Qd8 4. Nf3 Bg4 5. Be2 e6 6. d4 Nf6 7. Bg5 Be7 8.
h3 Bxf3 9. Bxf3 c6 10. Qe2 Qxd4 11. Rd1 Qb6 12. Qd2 O-O 13. Be3 Qc7 14. O-O
Nbd7 15. Rfe1 Rad8 16. Bf4 Qb6 17. Be3 Qxb2 18. Rb1 Qa3 19. Rb3 Qa5 20. Rxb7
Nc5 21. Nd5 Qxd2 22. Nxe7+ Kh8 23. Bxd2 Nxb7 24. Be3 Nd5 25. Nxc6 Rc8 26. Bxd5
exd5 27. Ne7 Rxc2 28. Rb1 Nd6 29. Bxa7 Rc7 30. Bb8 Rb7 31. Rxb7 Nxb7 32. Bc7 d4
33. Nf5 d3 34. Bf4 Ra8 35. Nd4 Ra4 0-1

[Event "Chess Festival Groningen 2018 BC"]
[Site "Groningen, Netherlands"]
[Date "2018.12.23"]
[Round "2"]
[White "Labruyere, Roger"]
[Black "Sprik, Sander"]
[Result "1-0"]
[WhiteElo "1760"]
[BlackElo "1911"]
[PlyCount "75"]
[EventDate "2018.12.??"]

1. e4 c5 2. Nf3 d6 3. d4 cxd4 4. Nxd4 Nf6 5. Nc3 a6 6. Bg5 e6 7. f4 Qc7 8. Bxf6
gxf6 9. f5 Nc6 10. fxe6 fxe6 11. Bc4 Nxd4 12. Qxd4 Be7 13. O-O-O Bd7 14. Rhf1
Rc8 15. Be2 Qc5 16. Qd2 Rg8 17. g3 b5 18. Bd3 b4 19. Ne2 a5 20. Kb1 h5 21. Nf4
a4 22. Rc1 Rb8 23. Be2 Qe5 24. Bxh5+ Kd8 25. Bf3 a3 26. Nd3 Qd4 27. c3 bxc3 28.
Qxc3 Qa7 29. b3 Bb5 30. Nb4 Qb6 31. Nc6+ Bxc6 32. Qxc6 Qa7 33. Rfd1 Rg5 34.
Rxd6+ Bxd6 35. Qxd6+ Ke8 36. Rc7 Rxb3+ 37. axb3 a2+ 38. Ka1 1-0

[Event "Chess Festival Groningen 2018 BC"]
[Site "Groningen, Netherlands"]
[Date "2018.12.23"]
[Round "2"]
[White "Molanus, Florian"]
[Black "Van Foreest, Nanne"]
[Result "0-1"]
[WhiteElo "1270"]
[BlackElo "1611"]
[PlyCount "52"]
[EventDate "2018.12.??"]

1. d4 d5 2. c4 e6 3. Nc3 Nf6 4. cxd5 Nxd5 5. Bd2 Bb4 6. e4 Nxc3 7. Bxc3 Bxc3+
8. bxc3 c5 9. Nf3 O-O 10. Bd3 Nc6 11. d5 exd5 12. exd5 Re8+ 13. Be2 Ne5 14.
Nxe5 Rxe5 15. c4 Qe8 16. Rb1 Re4 17. Qd3 b6 18. Rb2 Ba6 19. Rc2 Rd4 20. Qe3 Qa4
21. Qb3 Qa5+ 22. Kf1 Re8 23. Qc3 Qa4 24. Qb3 Qd7 25. Qc3 Bxc4 26. Qxd4 Bxe2+
0-1

[Event "Chess Festival Groningen 2018 BC"]
[Site "Groningen, Netherlands"]
[Date "2018.12.23"]
[Round "2"]
[White "Oord, Raymon"]
[Black "Achuthan, Dylan"]
[Result "0-1"]
[WhiteElo "1911"]
[BlackElo "1759"]
[PlyCount "78"]
[EventDate "2018.12.??"]

1. d4 Nf6 2. Bf4 g6 3. e3 Bg7 4. Nf3 O-O 5. c3 d6 6. Nbd2 Nbd7 7. Qc2 Re8 8.
Bd3 e5 9. Bg3 Qe7 10. dxe5 dxe5 11. e4 Nh5 12. O-O-O Nc5 13. Nc4 Nf4 14. Bxf4
exf4 15. Nfd2 a5 16. Na3 c6 17. Nb3 b5 18. Nxc5 Qxc5 19. Nb1 Qb6 20. c4 b4 21.
c5 Qa7 22. Bc4 Bf8 23. Rd3 Rxe4 24. Rd8 Bf5 25. Rxa8 Qxa8 26. Bd3 Re5 27. Nd2
Rxc5 28. Nc4 Qa6 29. b3 Be6 30. Kb1 a4 31. Rc1 axb3 32. Qxb3 Qb7 33. Qa4 Bg7
34. Nd6 Rxc1+ 35. Kxc1 Qd7 36. Qxb4 Bf8 37. Qxf4 Bxd6 38. Qd2 Ba3+ 39. Kc2 Qd5
0-1

[Event "Chess Festival Groningen 2018 BC"]
[Site "Groningen, Netherlands"]
[Date "2018.12.23"]
[Round "2"]
[White "Pompstra, Henk"]
[Black "Jakhari, Ansh"]
[Result "1-0"]
[WhiteElo "1758"]
[BlackElo "1558"]
[PlyCount "77"]
[EventDate "2018.12.??"]

1. d4 Nf6 2. Bg5 d5 3. Bxf6 exf6 4. e3 Bf5 5. Bd3 Bxd3 6. Qxd3 Be7 7. Nd2 c6 8.
Ne2 Na6 9. a3 O-O 10. Nf4 Bd6 11. Nh5 Qd7 12. O-O-O Nc7 13. e4 b5 14. Rde1 a5
15. e5 fxe5 16. dxe5 Be7 17. Qg3 Ne6 18. Nf6+ Bxf6 19. exf6 Qc7 20. fxg7 Rfc8
21. Re5 Qd6 22. Nf3 f6 23. Re3 Qxg3 24. hxg3 Nxg7 25. Nd4 b4 26. Re7 c5 27. Ne6
Nxe6 28. Rxe6 Rc7 29. Rxf6 Rf8 30. Rxf8+ Kxf8 31. Rh6 Re7 32. Kd2 bxa3 33. bxa3
d4 34. Ra6 Rg7 35. Ra8+ Ke7 36. Ra7+ Kf6 37. Rxg7 Kxg7 38. Kd3 h5 39. Kc4 1-0

[Event "Chess Festival Groningen 2018 BC"]
[Site "Groningen, Netherlands"]
[Date "2018.12.23"]
[Round "2"]
[White "Rogojina, Alexandru-Andrei"]
[Black "Hillenkamp, Melchior"]
[Result "1-0"]
[WhiteElo "1300"]
[BlackElo "1637"]
[PlyCount "72"]
[EventDate "2018.12.??"]

1. Nf3 d5 2. e3 Nf6 3. Be2 c5 4. d4 Nc6 5. O-O e6 6. c4 Qc7 7. h3 Be7 8. Nc3
O-O 9. Nb5 Qb8 10. dxc5 Bxc5 11. a3 a6 12. Nbd4 Rd8 13. Nxc6 bxc6 14. b4 Be7
15. Qc2 a5 16. bxa5 Rxa5 17. Nd4 Bd7 18. Rd1 Qa7 19. cxd5 cxd5 20. Nc6 Bxc6 21.
Qxc6 Ra8 22. Bb2 Rc5 23. Bd4 Rxc6 24. Bxa7 Rxa7 25. Bb5 Rc2 26. a4 Ne4 27. Rdc1
Rxc1+ 28. Rxc1 Nc5 29. Ra1 Kf8 30. Kf1 Bf6 31. Ra2 Bc3 32. Ke2 Ba5 33. f4 Ne4
34. Kd3 Nc3 35. Rc2 Rc7 36. Kd2 Nxb5+ 1-0

[Event "Chess Festival Groningen 2018 BC"]
[Site "Groningen, Netherlands"]
[Date "2018.12.23"]
[Round "2"]
[White "Santema, Tjeerd"]
[Black "Kastelijn, Toine"]
[Result "1-0"]
[WhiteElo "1776"]
[BlackElo "1942"]
[PlyCount "67"]
[EventDate "2018.12.??"]

1. d4 Nf6 2. c4 e6 3. Nc3 Bb4 4. Qc2 O-O 5. a3 Bxc3+ 6. Qxc3 b6 7. Bg5 Bb7 8.
e3 h6 9. Bh4 c5 10. dxc5 bxc5 11. Nf3 d5 12. cxd5 Bxd5 13. Bxf6 Qxf6 14. Qxf6
gxf6 15. Rc1 Rc8 16. Bb5 Nc6 17. Rxc5 Ne5 18. Rxc8+ Rxc8 19. O-O Nxf3+ 20. gxf3
Bxf3 21. h4 Rc5 22. a4 Kf8 23. Kh2 Ke7 24. Kg3 Bd5 25. Rd1 e5 26. b4 Rxb5 27.
axb5 Bb3 28. Ra1 Ke6 29. Rxa7 f5 30. b6 Kd6 31. Ra6 Kc6 32. b7+ Kxb7 33. Rxh6
Be6 34. Rxe6 1-0

[Event "Chess Festival Groningen 2018 BC"]
[Site "Groningen, Netherlands"]
[Date "2018.12.23"]
[Round "2"]
[White "Torenbosch, Jorn"]
[Black "Leentjens, Gilbert"]
[Result "0-1"]
[WhiteElo "1727"]
[BlackElo "1895"]
[PlyCount "62"]
[EventDate "2018.12.??"]

1. e4 e5 2. Nf3 Nc6 3. Bc4 Nf6 4. d4 exd4 5. O-O Bc5 6. e5 d5 7. exf6 dxc4 8.
Re1+ Be6 9. Ng5 Qd5 10. Nc3 Qf5 11. g4 Qg6 12. Nce4 Bb6 13. f4 O-O-O 14. f5
Bxf5 15. gxf5 Qxf5 16. Rf1 Qd5 17. Qg4+ Kb8 18. Rf5 Ne5 19. Rxe5 Qxe5 20. Nxf7
Qd5 21. Nxh8 gxf6 22. Qg2 d3+ 23. Kh1 dxc2 24. Nd2 Qe6 25. Nf7 Qxf7 26. Qe4 Re8
27. Qxc4 Re1+ 28. Kg2 Qg6+ 29. Kf3 Re3+ 30. Kf2 Re4+ 31. Kf1 Qg1# 0-1

[Event "Chess Festival Groningen 2018 BC"]
[Site "Groningen, Netherlands"]
[Date "2018.12.23"]
[Round "2"]
[White "Van Hamond, Fons"]
[Black "De Vries, Leon"]
[Result "1-0"]
[WhiteElo "2001"]
[BlackElo "1692"]
[PlyCount "71"]
[EventDate "2018.12.??"]

1. e4 c5 2. Nf3 d6 3. d4 cxd4 4. Nxd4 Nf6 5. f3 e5 6. Bb5+ Bd7 7. Bxd7+ Qxd7 8.
Nf5 d5 9. Bg5 dxe4 10. Bxf6 Qxd1+ 11. Kxd1 gxf6 12. fxe4 Na6 13. Nc3 Nc7 14.
Ke2 O-O-O 15. Rad1 Bc5 16. Na4 Ne6 17. Nxc5 Nxc5 18. Nd6+ Kc7 19. Nxf7 Rxd1 20.
Rxd1 Rf8 21. Nd6 a6 22. b4 Na4 23. Rd3 Rg8 24. g3 Rd8 25. Nc4 Rxd3 26. Kxd3 b5
27. Ne3 Kd6 28. c4 bxc4+ 29. Nxc4+ Kc6 30. Kc2 Nb6 31. Nxb6 Kxb6 32. a4 h5 33.
Kd3 Kc6 34. Kc3 Kd6 35. b5 a5 36. h3 1-0

[Event "Chess Festival Groningen 2018 BC"]
[Site "Groningen, Netherlands"]
[Date "2018.12.23"]
[Round "2"]
[White "Waardenburg, Feline"]
[Black "De Vries, Emma"]
[Result "1-0"]
[WhiteElo "1763"]
[BlackElo "1919"]
[PlyCount "77"]
[EventDate "2018.12.??"]

1. d4 Nf6 2. c4 g6 3. Nc3 Bg7 4. e4 d6 5. f3 O-O 6. Nge2 c5 7. Be3 cxd4 8. Nxd4
Nc6 9. Be2 Ne5 10. Qd2 Bd7 11. O-O Rc8 12. b3 h5 13. Rac1 Kh7 14. h3 Ng8 15. f4
Nc6 16. Nf3 Nf6 17. f5 Qa5 18. c5 Ne8 19. fxg6+ fxg6 20. Ng5+ Kh8 21. Rxf8+
Bxf8 22. Nf7+ Kg7 23. Bc4 e6 24. Nxd6 Bxd6 25. cxd6 Ne5 26. Qd4 Nf6 27. Rf1 b6
28. Bg5 Nf3+ 29. Rxf3 Qxg5 30. e5 Ng8 31. Ne4 Qh4 32. Qe3 Nh6 33. Nf6 Rxc4 34.
bxc4 Bc6 35. Rf4 Qg5 36. Qf2 Qxe5 37. d7 Qb8 38. Qd4 Nf7 39. Ne8+ 1-0

[Event "Chess Festival Groningen 2018 BC"]
[Site "Groningen, Netherlands"]
[Date "2018.12.23"]
[Round "2"]
[White "Zuiderweg, Edwin"]
[Black "Huizinga, Egbert"]
[Result "1-0"]
[WhiteElo "1942"]
[BlackElo "1760"]
[PlyCount "79"]
[EventDate "2018.12.??"]

1. e4 e5 2. Nf3 Nc6 3. d4 exd4 4. Nxd4 Nf6 5. Nxc6 bxc6 6. e5 Qe7 7. Qe2 Nd5 8.
c4 Ba6 9. b3 g5 10. g3 Bg7 11. Bb2 O-O-O 12. Bg2 Rde8 13. O-O Bxe5 14. Qxe5
Qxe5 15. Bxe5 Rxe5 16. cxd5 Bxf1 17. Kxf1 cxd5 18. Nc3 c6 19. Rc1 Kd8 20. b4 h5
21. h3 Rhe8 22. Bf3 Rh8 23. Ne2 f5 24. h4 g4 25. Bg2 Kc7 26. Nf4 Rb8 27. Bxd5
a5 28. bxa5 Kd6 29. Bb3 Rxa5 30. Nxh5 Rc5 31. Rd1+ Kc7 32. Nf4 Re8 33. h5 d5
34. h6 Kd6 35. Ng6 Ra5 36. h7 Raa8 37. Re1 Rh8 38. Nxh8 Rxh8 39. Bc2 Rxh7 40.
Bxf5 1-0

[Event "Chess Festival Groningen 2018 BC"]
[Site "Groningen, Netherlands"]
[Date "2018.12.23"]
[Round "3"]
[White "Hillenkamp, Melchior"]
[Black "Dekker, Jasper"]
[Result "1-0"]
[WhiteElo "1637"]
[BlackElo "1786"]
[PlyCount "21"]
[EventDate "2018.12.??"]

1. d4 Nf6 2. Nf3 g6 3. c4 Bg7 4. Nc3 O-O 5. e4 d6 6. Be2 e5 7. d5 a5 8. O-O Nh5
9. Bg5 Qe8 10. a3 Bd7 11. Qc2 1-0

[Event "Chess Festival Groningen 2018 BC"]
[Site "Groningen, Netherlands"]
[Date "2018.12.23"]
[Round "3"]
[White "Jakhari, Ansh"]
[Black "Rellum, Theo"]
[Result "1-0"]
[WhiteElo "1558"]
[BlackElo "1423"]
[PlyCount "23"]
[EventDate "2018.12.??"]

1. e4 d6 2. d4 Nf6 3. Nc3 Nbd7 4. Nf3 h6 5. e5 dxe5 6. dxe5 Nh7 7. e6 fxe6 8.
Bd3 Kf7 9. Ne5+ Kg8 10. Bg6 Nhf6 11. Bf7+ Kh7 12. Qd3+ 1-0